Dawne flagi państw - Statystyki

Ogólne statystyki
  • Ten quiz został rozwiązany 2 546 razy
  • Średni wynik to 13 z 16
Statystyki odpowiedzi
Obrazkowy Hint Odpowiedź % Poprawnych
Rosja
94%
Włochy
94%
Stany zjednoczone
93%
Japonia
92%
Chiny
90%
Niemcy
89%
Brazylia
86%
Serbia
86%
Francja
83%
Austria
79%
Hiszpania
77%
Kanada
72%
Republika Południowej Afryki
68%
Rwanda
61%
Indie
50%
Demokratyczna Republika Konga
48%
Nie znaleziono quizów pasujących do podanych kryteriów
Rozkład punktacji
Procent ludzi z każdym wynikiem
Percentyl według liczby udzielonych odpowiedzi
Twoja historia wyników
Nie rozwiązałeś tego quizu